Teleadictos y vidiotas en la aldea planetaria : ¿Qué hace la televisión con nosotros? /

Gardado en:
Detalles Bibliográficos
Autor Principal: Ander-Egg, Ezequiel (autor)
Formato: Libro
Idioma:Lingua castelá
Publicado: Buenos Aires, Argentina : Lumen-Humanitas, 1996, c1996
Series:(Desarrollo Cultural)
Temas:
Etiquetas: Engadir etiqueta
Sen Etiquetas, Sexa o primeiro en etiquetar este rexistro!

MARC

LEADER 00000nam^a2200000^a^4500
001 000047688
005 20250521000000.0
009 20260310090101.69
020 |a 950-724-580-4 
037 |a Acervo ITESO - Biblioteca 
041 |a ESP 
082 |a 302. 234011  |b AND 
100 |a Ander-Egg, Ezequiel  |e (autor) 
245 1 0 |a Teleadictos y vidiotas en la aldea planetaria :  |b ¿Qué hace la televisión con nosotros? /  |c E. Ander-Egg. 
264 4 |a Buenos Aires, Argentina :  |b Lumen-Humanitas,  |c 1996, c1996 
300 |a 225 p. 
336 |a texto  |b txt  |2 rdacontenido 
337 |a sin mediación  |b n  |2 rdamedio 
338 |a volumen  |b nc  |2 rdasoporte 
440 1 |a (Desarrollo Cultural) 
649 |a XX 
650 |a Televidentes 
650 |a Público 
650 |a Recepción y Apropiación de la Comunicación 
650 |a Violencia en la Televisión 
650 |a Televisión 
650 |a Comunicación y Política 
650 |a Medios de Comunicación 
650 |a Comunicación Masiva 
910 |a Fondo General 
920 |a Impresos - Libros 
930 |a Colección General 
905 |a 101 
901 |a 0500008034  |b IT1  |c ACC  |u 20250521 
902 |a https://opac.biblio.iteso.mx/vufind/Record/000047688